000 01701nam a22001577a 4500
005 20230807140136.0
008 230807b ||||| |||| 00| 0 eng d
020 _a0406176078
050 _aKD4106.D46
245 _aThe due process of law /
_cLord Denning.
260 _aLondon :
_bButterworth,
_c1980.
300 _axviii, 263 p. :
_c22 cm.
500 _aIncludes index.
505 _aContents: Part One; Keeping the streams of justice clear and pure: Introduction: In the face of the Court -- The victimisation of witnesses -- Refusing to answer questions -- Scandalising the Court -- Disobedience to an order of the Court -- Prejudicing a fair trial -- Conclusion -- Part Two: Inquiries into conduct: Introduction: Into the conduct of judges -- Into the conduct of ministers -- Into the conduct of directors -- Into the conduct of gaming clubs -- Into the conduct of aliens -- Into the conduct of lawyers -- Part Three: Arrest and search: Introduction: Making an arrest -- Making a search -- New procedures -- Part Four: The Mareva Injunction: Introduction: We introduce the process -- We are reversed -- Part Five: Entrances and exits: Introduction: The common law about aliens -- Commonwealth citizens -- Exits -- Part Six: Ventures into family law: How I learned the trade -- The story of emancipation -- Part Seven: The deserted wife's equity: Introduction: Invoking Section 17 of the 1882 Act -- Invoking the aid of equity -- The Lords triumphant -- Lady Summerskill take charge -- Part Eight: The wife's share in the home: The judges introduce it -- The wide principle of fairness -- The trust concept -- Where there is no financial contribution -- Conclusion -- Epilogue.
942 _2lcc
_cBK
999 _c9974
_d17474